000 00353nam a2200121Ia 4500
008 220620s9999||||xx |||||||||||||| ||und||
245 0 _aCorrosion
546 _aEnglish[eng]
650 _aSurface chemistry & adsorption
700 _aSingh, Ambrish
856 _uhttps://mts.intechopen.com/storage/books/10050/authors_book/authors_book.pdf
942 _cEB
999 _c34018
_d34018